000 00514pab a2200169 454500
008 180718b2014 xxu||||| |||| 00| 0 eng d
100 _aButhe, Tim
245 _aForeign direct investment and institutional diversity in trade agreements: Credibility, commitment, and economics flows in the developing world, 1971-2007
260 _c2014
300 _ap.88-122.
362 _aJan
650 _aForeign investment
700 _aMilner, Helen V.
773 _aWorld Politics
908 _aN
909 _a104277
999 _c104273
_d104273